Las finanzas Publicas en Colombia / (Registro nro. 12717)

Detalles MARC
000 -LEADER
fixed length control field 01916nam a2200265Ia 4500
003 - CONTROL NUMBER IDENTIFIER
control field OSt
005 - DATE AND TIME OF LATEST TRANSACTION
control field 20211110160925.0
008 - FIXED-LENGTH DATA ELEMENTS--GENERAL INFORMATION
fixed length control field 210310s2007 ck gr 000 0 spa d
020 ## - INTERNATIONAL STANDARD BOOK NUMBER
International Standard Book Number 9789587071108
040 ## - CATALOGING SOURCE
Original cataloging agency CO-JMCR
Transcribing agency CO-JMCR
041 0# - LANGUAGE CODE
Language code of text/sound track or separate title spa
082 04 - DEWEY DECIMAL CLASSIFICATION NUMBER
Classification number 336.86 /
Item number R177f
Edition number 23
100 1# - MAIN ENTRY--PERSONAL NAME
Personal name Ramírez Plazas, Jaime,
Relator term autor
9 (RLIN) 29026
245 14 - TITLE STATEMENT
Title Las finanzas Publicas en Colombia /
Statement of responsibility, etc. Jaime Ramírez Plazas
250 ## - EDITION STATEMENT
Edition statement Quinta edición
260 ## - PUBLICATION, DISTRIBUTION, ETC.
Place of publication, distribution, etc. Bogotá :
Name of publisher, distributor, etc. Librería ediciones del profesional,
Date of publication, distribution, etc. 2007.
300 ## - PHYSICAL DESCRIPTION
Other physical details 260 páginas ;
Dimensions 24 cm.
501 ## - WITH NOTE
With note Con: notas a pie de página.
504 ## - BIBLIOGRAPHY, ETC. NOTE
Bibliography, etc. note Bibliografía : páginas 253-260.
505 0# - FORMATTED CONTENTS NOTE
Formatted contents note Propósitos de las finanzas públicas. -- Gasto público. -- Evolución fiscal en Colombia. -- Ingresos fiscales. -- Presupuesto como instrumento de la gerencia pública. -- Control presupuestal. -- Deuda pública. -- Finanzas territoriales
520 0# - SUMMARY, ETC.
Summary, etc. El libro en su quinta edición comprende ocho capítulos. El primero de ellos define el alcance y propósitos de la Hacienda Pública en las diferentes escuelas del pensamiento económico, lo cual le permitirá al lector conocer el marco conceptual de las finanzas públicas y, con base en ello, explicar la realidad.<br/>El capítulo segundo define el concepto e importancia del gasto público; desde el punto de vista de los ingresos del Estado y a partir de allí el manejo de los tributos y de las rentas no tributarias, así como los gastos para conocer los propósitos del Estado en el manejo macroeconómico. El capítulo tercero hace referencia a la evolución histórica de las finanzas públicas en Colombia.<br/>desde la Colonia con la descripción de los ingresos tributarios directos e indirectos y las rentas estancadas, hasta el período republicano, que abarca los siglos XIX y XX.
650 14 - SUBJECT ADDED ENTRY--TOPICAL TERM
Topical term or geographic name entry element Hacienda pública.
9 (RLIN) 29028
650 24 - SUBJECT ADDED ENTRY--TOPICAL TERM
Topical term or geographic name entry element Finanzas públicas
9 (RLIN) 41486
942 ## - ADDED ENTRY ELEMENTS (KOHA)
Source of classification or shelving scheme Dewey Decimal Classification
Koha item type Books
Existencias
Withdrawn status Lost status Source of classification or shelving scheme Damaged status Not for loan Home library Current library Shelving location Date acquired Source of acquisition Full call number Barcode Date last seen Copy number Price effective from Koha item type
    Dewey Decimal Classification     Biblioteca Pública José María del Castillo y Rada Biblioteca Pública José María del Castillo y Rada General Stacks 04/15/2018 Donación 336.86 / R177f 430004279 05/16/2024 Ej.1 03/10/2021 Books